MARC

Tag First Indicator Second Indicator Subfields
LEADER 00000cas a2200000 a 4500
001 in00001402827
005 20151020053044.0
008 830930c197u9999utuar s0 a0eng d
010 |a sc 84000167  
019 |a 07004874 
035 |a (OCoLC)09968262 
035 |9 AHM6854AM 
037 |b Utah Water Research Laboratory, Utah State University, Logan, Utah 84322 
040 |a UDI  |c UDI  |d DLC  |d OCL  |d GUA  |d TXA  |d UtOrBLW 
042 |a lc 
049 |a TXAE 
090 |a TD224.U8  |b A564 
110 2 |a Utah Water Research Laboratory. 
245 1 0 |a Summary annual report /  |c Utah Water Research Laboratory, Center for Water Resources Research, Agricultural and Irrigation Engineering. 
264 1 |a Logan, Utah :  |b Utah State University. 
300 |a volumes :  |b illustrations ;  |c 28 cm. 
310 |a Annual 
336 |a text  |b txt  |2 rdacontent 
337 |a unmediated  |b n  |2 rdamedia 
338 |a volume  |b nc  |2 rdacarrier 
490 1 |a General series 
500 |a Evans' description based on: 1982. 
580 |a Issued as companion volume to: Utah Water Research Laboratory. Annual report. 
610 2 0 |a Utah Water Research Laboratory. 
710 2 |a Utah Center for Water Resources Research. 
710 2 |a Utah State University.  |b Agricultural and Irrigation Engineering. 
787 1 |a Utah Water Research Laboratory.  |t Annual report  |w (OCoLC)7004890  |w (DLC)sc 84000166 
830 0 |a General series (Utah Water Research Laboratory) ;  |v UWRL/G-82/02. 
830 0 |a General series (Utah Water Research Laboratory) ;  |v UWRL/G-83/02. 
830 0 |a General series (Utah Water Research Laboratory) ;  |v UWRL/G-84/03. 
830 0 |a General series (Utah Water Research Laboratory) ;  |v UWRL/G-85/05. 
830 0 |a General series (Utah Water Research Laboratory) ;  |v UWRL/G-87/02. 
830 0 |a General series (Utah Water Research Laboratory) ;  |v UWRL/G-90/02. 
999 |a MARS 
999 f f |s 13ba72c3-36c5-3ec4-9d12-bf653856dde7  |i f70c4a63-1c1f-346e-9b34-60f103fa66f1  |t 0 
952 f f |p ric  |a Texas A&M University  |b Rellis Campus  |c Joint Library Facility  |d Remote Storage  |t 0  |e TD224.U8 A564  |h Library of Congress classification  |i unmediated -- volume  |l 1984  |m A14809735811 
952 f f |p ric  |a Texas A&M University  |b Rellis Campus  |c Joint Library Facility  |d Remote Storage  |t 0  |e TD224.U8 A564  |h Library of Congress classification  |i unmediated -- volume  |l 1986/1987  |m A14811243969 
952 f f |p ric  |a Texas A&M University  |b Rellis Campus  |c Joint Library Facility  |d Remote Storage  |t 0  |e TD224.U8 A564  |h Library of Congress classification  |i unmediated -- volume  |l 1982  |m A14807215433 
952 f f |p ric  |a Texas A&M University  |b Rellis Campus  |c Joint Library Facility  |d Remote Storage  |t 0  |e TD224.U8 A564  |h Library of Congress classification  |i unmediated -- volume  |l 1983  |m A14808800477 
952 f f |p ric  |a Texas A&M University  |b Rellis Campus  |c Joint Library Facility  |d Remote Storage  |t 0  |e TD224.U8 A564  |h Library of Congress classification  |i unmediated -- volume  |l 1985  |m A14809733974 
952 f f |p ric  |a Texas A&M University  |b Rellis Campus  |c Joint Library Facility  |d Remote Storage  |t 0  |e TD224.U8 A564  |h Library of Congress classification  |i unmediated -- volume  |l 1988/1989  |m A14815375611 
998 f f |a TD224.U8 A564  |s 1988/1989=UWRL/G-90/02  |t 0  |l Remote Storage